<?xml version="1.0" encoding="UTF-8"?><?xml-stylesheet type="text/xsl" href="static/style.xsl"?><OAI-PMH xmlns="http://www.openarchives.org/OAI/2.0/" xmlns:xsi="http://www.w3.org/2001/XMLSchema-instance" xsi:schemaLocation="http://www.openarchives.org/OAI/2.0/ http://www.openarchives.org/OAI/2.0/OAI-PMH.xsd"><responseDate>2026-04-17T12:24:09Z</responseDate><request verb="GetRecord" identifier="oai:riubu.ubu.es:10259/5534" metadataPrefix="marc">https://riubu.ubu.es/oai/request</request><GetRecord><record><header><identifier>oai:riubu.ubu.es:10259/5534</identifier><datestamp>2021-11-02T12:05:28Z</datestamp><setSpec>com_10259_3593</setSpec><setSpec>com_10259_5086</setSpec><setSpec>com_10259_2604</setSpec><setSpec>col_10259_3594</setSpec></header><metadata><record xmlns="http://www.loc.gov/MARC21/slim" xmlns:doc="http://www.lyncode.com/xoai" xmlns:xsi="http://www.w3.org/2001/XMLSchema-instance" xmlns:dcterms="http://purl.org/dc/terms/" xsi:schemaLocation="http://www.loc.gov/MARC21/slim http://www.loc.gov/standards/marcxml/schema/MARC21slim.xsd">
<leader>00925njm 22002777a 4500</leader>
<datafield tag="042" ind1=" " ind2=" ">
<subfield code="a">dc</subfield>
</datafield>
<datafield tag="720" ind1=" " ind2=" ">
<subfield code="a">Sedano Labrador, Carlos</subfield>
<subfield code="e">author</subfield>
</datafield>
<datafield tag="720" ind1=" " ind2=" ">
<subfield code="a">Velasco, Rocío</subfield>
<subfield code="e">author</subfield>
</datafield>
<datafield tag="720" ind1=" " ind2=" ">
<subfield code="a">Feberero, Claudia</subfield>
<subfield code="e">author</subfield>
</datafield>
<datafield tag="720" ind1=" " ind2=" ">
<subfield code="a">Suarez Pantiga, Samuel</subfield>
<subfield code="e">author</subfield>
</datafield>
<datafield tag="720" ind1=" " ind2=" ">
<subfield code="a">Sanz Díez, Roberto</subfield>
<subfield code="e">author</subfield>
</datafield>
<datafield tag="260" ind1=" " ind2=" ">
<subfield code="c">2020-08</subfield>
</datafield>
<datafield tag="520" ind1=" " ind2=" ">
<subfield code="a">The α-lithiobenzyloxy group, easily generated from aryl benzyl ethers by selective α-lithiation with t-BuLi at low temperature, behaves as a directed metalation group (DMG) providing a direct access to o-lithiophenyl α-lithiobenzyl ethers. This ortho-directing effect is reinforced in substrates bearing an additional methoxy group at the meta position. The generated dianions can be reacted with a selection of electrophiles including carboxylic esters and dihalosilanes or germanes, which afford interesting benzofuran, sila(germa)dihydrobenzofuran, and silachroman derivatives from simple aryl benzyl ethers.</subfield>
</datafield>
<datafield tag="024" ind2=" " ind1="8">
<subfield code="a">1523-7060</subfield>
</datafield>
<datafield tag="024" ind2=" " ind1="8">
<subfield code="a">http://hdl.handle.net/10259/5534</subfield>
</datafield>
<datafield tag="024" ind2=" " ind1="8">
<subfield code="a">10.1021/acs.orglett.0c02199</subfield>
</datafield>
<datafield tag="024" ind2=" " ind1="8">
<subfield code="a">1523-7052</subfield>
</datafield>
<datafield ind1=" " ind2=" " tag="653">
<subfield code="a">Functionalization</subfield>
</datafield>
<datafield ind1=" " ind2=" " tag="653">
<subfield code="a">Ethers</subfield>
</datafield>
<datafield ind1=" " ind2=" " tag="653">
<subfield code="a">Rearrangement</subfield>
</datafield>
<datafield ind1=" " ind2=" " tag="653">
<subfield code="a">Reaction products</subfield>
</datafield>
<datafield ind1=" " ind2=" " tag="653">
<subfield code="a">Pharmaceuticals</subfield>
</datafield>
<datafield tag="245" ind1="0" ind2="0">
<subfield code="a">α-Lithiobenzyloxy as a Directed Metalation Group in ortho-Lithiation Reactions</subfield>
</datafield>
</record></metadata></record></GetRecord></OAI-PMH>